| 000 | 00596nam a22001937a 4500 | ||
|---|---|---|---|
| 003 | OSt | ||
| 005 | 20160713140709.0 | ||
| 008 | 160713s2016 spc ||||||||| 000 0 spa|d | ||
| 020 | _a9788491162674 | ||
| 040 |
_bcat _cCDMR |
||
| 100 | 1 | _aBasté, Carme | |
| 245 | 1 | 0 |
_aSorprender cada minuto y medio _b: el guión en la televisión de entretenimiento y actualidad _cCarme Basté, Miquel Peralta |
| 260 |
_aBarcelona : _bEditorial UOC, _c2016 |
||
| 300 |
_a168 p. ; _c21 cm |
||
| 490 | 1 |
_aComunicación ; _v412 |
|
| 650 | 0 | 0 |
_aGuions televisius _93143 |
| 700 | 1 |
_aPeralta, Miquel _92518 |
|
| 942 | _cMON | ||
| 999 |
_c6954 _d6954 |
||